ՀՀ Գիտությունների ազգային ակադեմիայի հիմնարար գիտական գրադարան  =   Fundamental Scientific Library of NAS RA

Սասունցի Դավիթ : (Record no. 380042)

MARC details
000 -LEADER
fixed length control field 01185nam a2200253 a 4500
001 - CONTROL NUMBER
control field 000269421
003 - CONTROL NUMBER IDENTIFIER
control field AM-YeHGA
005 - DATE AND TIME OF LATEST TRANSACTION
control field 20250618074629.0
008 - FIXED-LENGTH DATA ELEMENTS--GENERAL INFORMATION
fixed length control field 031008s1939 ai ||||gr|||||||||0|arm|d
040 ## - CATALOGING SOURCE
Original cataloging agency AM-YeHGA
041 0# - LANGUAGE CODE
Language code of text/sound track or separate title arm
090 ## - LOCALLY ASSIGNED LC-TYPE CALL NUMBER (OCLC); LOCAL CALL NUMBER (RLIN)
-- 381963
245 00 - TITLE STATEMENT
Title Սասունցի Դավիթ :
Remainder of title Հայկական ժողովրդական եպոս /
Statement of responsibility, etc. Կազմ.՝ Մ. Աբեղյան և ուրիշ. ; Նկ.՝ Մ. Աբեղյան, Ս. Ալթունյան.
246 35 - VARYING FORM OF TITLE
Title proper/short title Давид Сасунский : Армянский народный эпос
260 ## - PUBLICATION, DISTRIBUTION, ETC.
Place of publication, distribution, etc. Յերեվան :
Name of publisher, distributor, etc. Հայպետհրատ,
Date of publication, distribution, etc. 1939.
300 ## - PHYSICAL DESCRIPTION
Extent 382 էջ
650 14 - SUBJECT ADDED ENTRY--TOPICAL TERM
Topical term or geographic name entry element Գեղարվեստական գրականություն
General subdivision Էպոս
700 1# - ADDED ENTRY--PERSONAL NAME
Personal name Աբեղյան, Մանուկ Խաչատուրի,
Dates associated with a name 1865-1944
Relator term կազմ.
Relationship com
9 (RLIN) 76
700 1# - ADDED ENTRY--PERSONAL NAME
Personal name Ղանալանյան, Արամ Տիգրանի,
Dates associated with a name 1909-1983
Relator term կազմ.
Relationship com
9 (RLIN) 1591
700 1# - ADDED ENTRY--PERSONAL NAME
Personal name Աբով, Գևորգ Արշակի
Dates associated with a name 1897-1965
Relator term կազմ.
Relationship com
9 (RLIN) 74
700 1# - ADDED ENTRY--PERSONAL NAME
Personal name Աբեղյան, Մհեր Մանուկի
Dates associated with a name 1909-1994
Relator term նկ.
Relationship art
9 (RLIN) 149
700 1# - ADDED ENTRY--PERSONAL NAME
Personal name Ալթունյան, Ստեփան,
Titles and other words associated with a name նկարիչ,
Dates associated with a name 1893-1945
Relator term նկ.
Relationship art
9 (RLIN) 2503
942 ## - ADDED ENTRY ELEMENTS (KOHA)
Source of classification or shelving scheme Universal Decimal Classification
Koha item type Գրքեր / Books
Holdings
Withdrawn status Lost status Damaged status Not for loan Collection Home library Current library Date acquired Total checkouts Full call number Barcode Date last seen Price effective from Koha item type Public note Source of classification or shelving scheme
        General Fundamental Scientific Library Fundamental Scientific Library 19/01/2016   AIII/2073 FL0066963 19/01/2016 19/01/2016 Գրքեր / Books 30 Days Loan  
        General Fundamental Scientific Library Fundamental Scientific Library 19/01/2016   AIII/2074 FL0066962 19/01/2016 19/01/2016 Գրքեր / Books 30 Days Loan  
        Hambardzumyan Individual Collection Fundamental Scientific Library Fundamental Scientific Library 19/01/2016   Hamb/247 FL0231303 19/01/2016 19/01/2016 Գրքեր / Books ILL Non-Circ. Universal Decimal Classification


ՀՀ ԳԱԱ հիմնարար գիտական գրադարան
ՀՀ,Երևան 0019
Մարշալ Բաղրամյան 24/6
հեռախոս:(374-10) 52-47-50
Հետադարձ կապ

All site content, except where otherwise noted, is licensed under a
Creative Commons License